Analýza vývoja cien vybraných komodít a akcií na medzinárodných trhoch diplomová práca

Enregistré dans:
Détails bibliographiques
Auteur principal: Slaninka, Dávid
Collectivité auteur: Fakulta hospodárskej informatiky EU. Katedra štatistiky
Autres auteurs: Sipková, Ľubica, 1962-
Format: Livre
Langue:slovaque
Publié: Bratislava 2018
Tags: Ajouter un tag
Pas de tags, Soyez le premier à ajouter un tag!

MARC

LEADER 00000nbm a2200000 4500
001 0243544
005 20181010105648.7
041 0 |a slo 
044 |a SK 
245 1 0 |a Analýza vývoja cien vybraných komodít a akcií na medzinárodných trhoch  |b diplomová práca  |c Dávid Slaninka ; školiteľ: Ľubica Sipková 
264 1 |a Bratislava  |c 2018 
300 |a 72 s. 
100 1 |a Slaninka, Dávid 
700 1 |a Sipková, Ľubica, 1962- 
710 2 |a Fakulta hospodárskej informatiky EU. Katedra štatistiky